Jeux de mots Amérique du Nord sans USA - Statistiques

Statistiques générales
  • Ce quiz a été pris 99 fois
  • Le résultat moyen est 8 sur 35
Statistiques - réponses
Phrase Réponse Terme géographique % Correct
Je bois du _ _ _ _ _ _ dry Canada Pays
64%
Autre nom du crocodile Caïman Îles
63%
Prenez la deuxième lettre du pseudo du créateur Honduras Pays
57%
Elles ne feront jamais l'amour Vierges Îles
55%
Les pirates y sont connus Caraïbes Mer
47%
S'il fait caca si pres du sol c'est qu'il a le _ _ _ _ Cuba Pays
44%
_ _ _ _ _ contre Goliath David Ville du Panama
42%
Niveau après le bac Supérieur Lac
40%
Elle est explosive Grenade Pays
31%
Mets de la _ _ _ _ _ade dans ton diabolo menthe Limon Ville du Costa Rica
31%
Fais gaffe a toi, je t'ai dans le _ _ _ _ _ _teur Colima État du Mexique
30%
Dieu demanda a Marlene de pas chier et Marlene _ _ _ _ _ _ _ Chiapas Etat du Mexique
28%
On rajoute cette sauce pour ajouter du piquant Tabasco Etat du Mexique
26%
Trouvez le lien en utilisant la lettre restante Tegucigalpa Capitale
26%
Un pekinois en Chine, un _ _ _ _ _ _ _ _ _ au Mexique Chihuahua Ville et État méxicain
23%
Une _ _ _ _ _ _ciation a but non lucratif Nassau Capitale
21%
"les violents _ _ _ _ _ _ _ _ _ le ciel rapidement" Vancouver Grande ville du Canada
21%
Pourquoi ce couteau est jaune (traduction) Yellowknife Capitale de Province
20%
Ville ou pourrait être inventé la marijuana Tijuana Ville du Mexique
19%
Île a la fois en française et neerlandaise fêter le 11 Novembre Saint Martin île
16%
Moi idiot, _ _ _ _ _ , lui bête Yukon Province du Canada
15%
Je suis en _ _ _ _ _ _drid, appele une dépanneuse Panama Pays
14%
On peux confondre avec une sous préfecture du Tarn Castries Capitale
10%
On peut dire que ces habitant n'aime pas leurs proches Haiti Pays
10%
Une préfecture française devenue une île Laval Ville du Quebec
7%
Les habitants doivent tous avoir le même prénom Dominique Pays
6%
Ne lui sert pas la main _ _ _ _ _ _ _ _ des mains Winnipeg Capitale de Province
6%
Utilise du lait _ _ _ _ _ _ _ _ _ pour la sauce Antillais Gentilé
3%
Dans le Paraguay, on y trouve la terminaison Managua / Nicaragua Pays ou Capitale
3%
On aime le respirer Bonaire Curaçao
2%
Un petit _ _ _ _ _ de 34km ca te tente Trail Ville canadienne
2%
Je fais un _ _ _ _ _ntre David Guetta Mixco Ville du Guatemala
1%
_ _ _ _ _ pas au niveau des bras Tepic Ville et état mexicain
1%
La tu fais le saumon, mais _ _ _ _ _ _ _ _ tu le thon Campeche Ville du Mexique
0%
Viens bronzer sur la _ _ _ _ _ _ _ Terrace Ville du Canada
0%
Aucun quiz correspondant
Distribution des résultats
% des personnes avec chaque résultat
Percentile par nombre de réponses
Votre historique - résultats
Vous n’avez pas pris ce quiz